01429nam a2200349 a 4500001001200000003000800012006001900020007001500039008004100054010001700095020001800112020001800130020001500148040002100163035002100184050002300205111008700228245010100315260005700416300002300473490005200496504005100548533015200599650003400751650003500785655002900820700001800849710001700867830005200884856012600936999001701062ebr10231316CaPaEBRm u cr cn|||||||||081030s1976 mnua sb 101 0 eng d z 67030520  z9780816607914 z9780816664016 z0816607915 aCaPaEBRcCaPaEBR a(OCoLC)64675038414aBF721b.M56 1975eb2 aMinnesota Symposium on Child Psychologyn(10th :d1975 :cUniversity of Minnesota)10aMinnesota symposia on child psychology.nVol. 10h[electronic resource] /cAnne D. Pick, editor. aMinneapolis :bUniversity of Minnesota Press,c1976. axi, 241 p. :bill.1 aMinnesota symposia on child psychology (Series) aIncludes bibliographical references and index. aElectronic reproduction.bPalo Alto, Calif. :cebrary,d2013.nAvailable via World Wide Web.nAccess may be limited to ebrary affiliated libraries. 0aChild psychologyvCongresses. 0aChild developmentvCongresses. 7aElectronic books.2local1 aPick, Anne D.2 aebrary, Inc. 0aMinnesota symposia on child psychology (Series)40uhttp://site.ebrary.com/lib/rucke/Doc?id=10231316zAn electronic book accessible through the World Wide Web; click to view c39699d39699